书目信息 |
| 题名: |
韩国总统金大中传
|
|
| 作者: | 李金泽 , 郑思泓 著 | |
| 分册: | ||
| 出版信息: | 北京 新华出版社 2001 |
|
| 页数: | 345页 | |
| 开本: | 20cm | |
| 丛书名: | ||
| 单 册: | ||
| 中图分类: | K833.126.7 | |
| 科图分类: | ||
| 主题词: | ||
| 电子资源: | ||
| ISBN: | 7-5011-5324-8 | |
| 000 | 01002nam0 2200241 45 | |
| 001 | 012001076185 | |
| 005 | 20050309090802.7 | |
| 010 | @a7-5011-5324-8@dCNY23.00 | |
| 100 | @a20010924d2001 em y0chiy0110 ea | |
| 101 | 0 | @achi |
| 102 | @aCN@b110000 | |
| 105 | @aa z 000yb | |
| 200 | 1 | @a韩国总统金大中传@Ahan guo zong tong jin da zhong zhuan@e20世纪最后一位诺贝尔和平奖获得者@E20 Shi Ji Zui Hou Yi Wei Nuo Bei Er He Ping Jiang Huo De Zhe@f李金泽,郑思泓著@FLi Jin Ze,Zheng Si Hong Zhu |
| 210 | @a北京@c新华出版社@d2001 | |
| 215 | @a345页@c照片@d20cm | |
| 330 | @a本书记述了金大中这位韩国现代史上颇具传奇色彩的总统,他曾五次死里逃生,经历了六年狱中生活和长达十年的软禁、流亡生涯,最终当选韩国总统的经历。 | |
| 517 | @a20世纪最后一位诺贝尔和平奖获得者@A20 Shi Ji Zui Hou Yi Wei Nuo Bei Er He Ping Jiang Huo De Zhe | |
| 600 | 0 | @a金大中@x传记 |
| 690 | @aK833.126.7@v4 | |
| 701 | 0 | @a李金泽@4著 |
| 701 | 0 | @a郑思泓@4著 |
| 801 | 0 | @aCN@bNLC@c20010926 |
| 905 | @b343887-891@dK833.126.7@e403LJ@f5 | |
| 韩国总统金大中传:20世纪最后一位诺贝尔和平奖获得者/李金泽,郑思泓著.-北京:新华出版社,2001 |
| 345页:照片;20cm |
| ISBN 7-5011-5324-8:CNY23.00 |
| 本书记述了金大中这位韩国现代史上颇具传奇色彩的总统,他曾五次死里逃生,经历了六年狱中生活和长达十年的软禁、流亡生涯,最终当选韩国总统的经历。 |
| ● |
| 相关链接 |
|
|
|
|
正题名:韩国总统金大中传
索取号:K833.126.7/403LJ
 
预约/预借
| 序号 | 登录号 | 条形码 | 馆藏地/架位号 | 状态 | 备注 |
| 1 | 0343887 | 203438878 | 第二样本阅览室/ [索取号:K833.126.7/403LJ] | 在馆 | |
| 2 | 0343888 | 203438887 | 第二借阅区/ [索取号:K833.126.7/403LJ] | 在馆 | |
| 3 | 0343889 | 203438896 | 第二借阅区/ [索取号:K833.126.7/403LJ] | 在馆 | |
| 4 | 0343890 | 203438903 | 第二借阅区/ [索取号:K833.126.7/403LJ] | 在馆 | |
| 5 | 0343891 | 203438912 | 第二借阅区/ [索取号:K833.126.7/403LJ] | 在馆 |